Minulé životy, současné sny : jak využít reinkarnaci k osobnímu růstu /

Hlavní autor: Linn, Denise
Jazyk: Čeština
Vydáno: Ostrava : OLDAG, 1997
Vydání: 1. vyd.
Témata:
Externí odkaz: Digitalizovaný dokument
Fyzický popis: 167 s. ; 21 cm
Knihy
Uloženo v:
LEADER 01472nam a2200397 a 4500
001 000256985
003 CZ BrMZK
005 20250826072538.0
007 ta
008 960815s1997 xr e f 0 cze d
015 |a cnb000292400 
020 |a 80-85954-40-0 
035 |a (OCoLC)38974011 
040 |a BOA001  |b cze 
072 7 |a 122/129  |x Speciální metafyzika  |2 Konspekt  |9 5 
080 |a 165.322  |2 MRF 
080 |a 129  |2 MRF 
080 |a 615.851  |2 MRF 
080 |a (035)  |2 MRF 
100 1 |a Linn, Denise  |7 xx0020746  |4 aut 
245 1 0 |a Minulé životy, současné sny :  |b jak využít reinkarnaci k osobnímu růstu /  |c Denise Linn 
250 |a 1. vyd. 
260 |a Ostrava :  |b OLDAG,  |c 1997 
300 |a 167 s. ;  |c 21 cm 
500 |a Dostupné též v digitální podobě v aplikaci Kramerius 
650 0 7 |a duchovní poznání  |7 ph119632  |2 czenas 
650 0 7 |a reinkarnace  |7 ph116033  |2 czenas 
650 0 7 |a psychoterapie  |7 ph115954  |2 czenas 
655 7 |a příručky  |7 fd133209  |2 czenas 
765 0 |t Past lives, present dreams 
856 4 1 |u http://www.digitalniknihovna.cz/mzk/uuid/uuid:e7f4a3e0-6628-11f0-86db-5ef3fc9bb22f  |y Digitalizovaný dokument  |x NDK 
910 |a BOA001  |b 2-1040.265  |b PK-0130.809 
920 |a 000362634 
990 |a BK 
996 6 |b 2610063023  |c 2-1040.265  |l MZK  |r Sklad / do 1 hodiny  |n 32  |p p.v.  |w 000256985  |u 000010  |a 1  |e BOA001  |j MZK50  |s P 
996 7 |b 3119014394  |c PK-0130.809  |l MZK  |r Sklad / do 1 hodiny  |n 24  |p kup  |w 000256985  |u 000020  |a 1  |e BOA001  |j MZK50  |s A